000 00853nam2a2200229 4500
001 RU\NLR\BIBL_A\012518902
005 20250128194045.0
021 _aRU
_bКН-П-20-083945
_9КН-П-20-6376
035 _a(NLR Aleph) 012518902
090 _a13303951
_c13303951
100 _a20210517d2020 e y0rusy50 ca
101 0 _asah
102 _aRU
105 _aac z 000 y
200 0 _aЧ.1
210 _d2020
215 _a158,[1] с.
_cил., портр.
461 0 _1001RU\NLR\BIBL_A\012518890
_12001#$aСаха өрөспүүбүлүкэтин норуоттарын култуурата$e10-11 кылааска үөрэнэр кинигэ$eикки чаастаах$f[Н. Г. Никитина, Е. М. Поликарпова, А. Н. Павлов и др.]$vЧ.1
852 _aNLR
_bОНЛ
_jЯкут./3-3069
942 _cBOOK
980 _aNB